<?xml version="1.0" encoding="UTF-8"?><?xml-stylesheet type="text/xsl" href="static/style.xsl"?><OAI-PMH xmlns="http://www.openarchives.org/OAI/2.0/" xmlns:xsi="http://www.w3.org/2001/XMLSchema-instance" xsi:schemaLocation="http://www.openarchives.org/OAI/2.0/ http://www.openarchives.org/OAI/2.0/OAI-PMH.xsd"><responseDate>2026-04-14T06:40:09Z</responseDate><request verb="GetRecord" identifier="oai:www.recercat.cat:10230/23126" metadataPrefix="marc">https://recercat.cat/oai/request</request><GetRecord><record><header><identifier>oai:recercat.cat:10230/23126</identifier><datestamp>2025-12-18T01:20:49Z</datestamp><setSpec>com_2072_6</setSpec><setSpec>col_2072_452952</setSpec></header><metadata><record xmlns="http://www.loc.gov/MARC21/slim" xmlns:dcterms="http://purl.org/dc/terms/" xmlns:xsi="http://www.w3.org/2001/XMLSchema-instance" xmlns:doc="http://www.lyncode.com/xoai" xsi:schemaLocation="http://www.loc.gov/MARC21/slim http://www.loc.gov/standards/marcxml/schema/MARC21slim.xsd">
   <leader>00925njm 22002777a 4500</leader>
   <datafield ind2=" " ind1=" " tag="042">
      <subfield code="a">dc</subfield>
   </datafield>
   <datafield ind2=" " ind1=" " tag="720">
      <subfield code="a">Senden, Mario</subfield>
      <subfield code="e">author</subfield>
   </datafield>
   <datafield ind2=" " ind1=" " tag="720">
      <subfield code="a">Deco, Gustavo</subfield>
      <subfield code="e">author</subfield>
   </datafield>
   <datafield ind2=" " ind1=" " tag="720">
      <subfield code="a">Reus, Marcel A. de</subfield>
      <subfield code="e">author</subfield>
   </datafield>
   <datafield ind2=" " ind1=" " tag="720">
      <subfield code="a">Goebel, Rainer</subfield>
      <subfield code="e">author</subfield>
   </datafield>
   <datafield ind2=" " ind1=" " tag="720">
      <subfield code="a">Heuvel, Martijn van den</subfield>
      <subfield code="e">author</subfield>
   </datafield>
   <datafield ind2=" " ind1=" " tag="260">
      <subfield code="c">2015-02-12T08:19:25Z</subfield>
   </datafield>
   <datafield ind2=" " ind1=" " tag="260">
      <subfield code="c">2015-02-12T08:19:25Z</subfield>
   </datafield>
   <datafield ind2=" " ind1=" " tag="260">
      <subfield code="c">2014</subfield>
   </datafield>
   <datafield ind2=" " ind1=" " tag="520">
      <subfield code="a">Brain function relies on the flexible integration of a diverse set of segregated cortical/nmodules, with the structural connectivity of the brain being a fundamentally important factor/nin shaping the brain‟s functional dynamics. Following up on macroscopic studies showing the/nexistence of centrally connected nodes in the mammalian brain, combined with the notion that/nthese putative brain hubs may form a dense interconnected „rich club‟ collective, we/nhypothesized that brain connectivity might involve a rich club type of architecture to promote/na repertoire of different and flexibly accessible brain functions. With the rich club suggested/nto play an important role in global brain communication, examining the effects of a rich club/norganization on the functional repertoire of physical systems in general, and the brain in/nparticular, is of keen interest. Here we elucidate these effects using a spin glass model of/nneural networks for simulating stable configurations of cortical activity. Using simulations,/nwe show that the presence of a rich club increases the set of attractors and hence the diversity/nof the functional repertoire over and above the effects produced by scale free type topology/nalone. Within the networks‟ overall functional repertoire rich nodes are shown to be important/nfor enabling a high level of dynamic integrations of low-degree nodes to form functional/nnetworks. This suggests that the rich club serves as an important backbone for numerous co-/nactivation patterns among peripheral nodes of the network. In addition, applying the spin/nglass model to empirical anatomical data of the human brain, we show that the positive effects/non the functional repertoire attributed to the rich club phenomenon can be observed for the/nbrain as well. We conclude that a rich club organization in network architectures may be/ncrucial for the facilitation and integration of a diverse number of segregated functions.</subfield>
   </datafield>
   <datafield ind2=" " ind1=" " tag="520">
      <subfield code="a">Authors MS and RG were supported by the European Research Council under the European Union&amp;apos;s Seventh Framework Programme (ERC-2010-AdG, ERC grant agreement no. 269853). Author GD was supported by the ERC Advanced Grant: DYSTRUCTURE (n. 295129), by the Spanish Research ProjectSAF2010-16085 and by European Community&amp;apos;s Seventh Framework Programme under the project “BrainScales” (project number 269921). Author MPvdH was supported by a VENI grant of The Netherlands Organization for Scientific Research (NWO) (451-12-001) and by a Fellowship of the Brain Center Rudolf Magnus.</subfield>
   </datafield>
   <datafield tag="653" ind2=" " ind1=" ">
      <subfield code="a">Rich club</subfield>
   </datafield>
   <datafield tag="653" ind2=" " ind1=" ">
      <subfield code="a">Functional repertoire</subfield>
   </datafield>
   <datafield tag="653" ind2=" " ind1=" ">
      <subfield code="a">Connectivity</subfield>
   </datafield>
   <datafield tag="653" ind2=" " ind1=" ">
      <subfield code="a">Spin glass model</subfield>
   </datafield>
   <datafield tag="653" ind2=" " ind1=" ">
      <subfield code="a">Connectome</subfield>
   </datafield>
   <datafield ind2="0" ind1="0" tag="245">
      <subfield code="a">Rich club organization supports a diverse set of functional network configurations</subfield>
   </datafield>
</record></metadata></record></GetRecord></OAI-PMH>